| 000 | 00490nam a2200157Ia 4500 | ||
|---|---|---|---|
| 008 | 230907s9999||||xx |||||||||||||| ||und|| | ||
| 082 |
_a620.1 _bUSM |
||
| 100 |
_aUsman Khalid (00000277109) _9116745 |
||
| 245 | 0 | _aCombustion Behaviour Analysis of Coal and Biomass ash Blends / | |
| 260 |
_aUSPCAS-E, NUST, _bIslamabad : _c2022 |
||
| 300 | _axi, 46 p. | ||
| 520 | _aTH-413 | ||
| 650 |
_aMS-TEE Thesis MS-EEP Thesis _9116746 |
||
| 700 |
_aDr Asif Hussain Khoja _9117190 |
||
| 942 |
_cTHE _2ddc |
||
| 999 |
_c602091 _d602091 |
||